Tous les costumes Mask Singer - Statistiques

Statistiques générales
  • Ce quiz a été pris 464 fois
    103 depuis la dernière actualisation
  • Le résultat moyen est 61 sur 110
Statistiques - réponses
Célébrité Costume % Correct
Laurence Boccolini Licorne
94%
Daniel Lévi Robot
90%
Denitsa Ikonomova Papillon
87%
David Douillet Lion
84%
Issa Doumbia Dragon
81%
Larusso Manchot
81%
Julie Zenatti Panda
81%
Valérie Bègue Banane
77%
Nico et Daniela Capone Chameau
77%
Marc Antoine Le Bret Croco/Tigresse
77%
Frank Leboeuf Paon
77%
Joyce Jonathan Abeille
74%
Karl Zéro Aigle
74%
Karine Ferri Araignée
74%
Gilbert Montagné Arbre
74%
Brian Austin Green Bouc
74%
Laurent Ournac Cerf
74%
Tori Spelling Chat
74%
Natasha St Pier Cupcake
74%
Marie José Pérec Panthère
74%
Alizée Singe
74%
Keen'v Eléphant
71%
Igor et Grichka Bogdanoff Perroquets
71%
Lola Dubini Girafe
68%
Agustin Galiana Hippopotame
68%
Djibril Cissé Squelette
68%
Amaury Vassili Tortue
68%
Pef Vache
68%
Marianne James Bébé
65%
Frédérique Bel Bouche
65%
LeBouseuh Broccoli
65%
Sylvie Tellier Caméléon
65%
Laure Manaudou Loup
65%
Zaho Sorcière
65%
Aurélie Konaté Biche
61%
Séverine Ferrer Chaton
61%
André Bouchet (Passepartout) Chenille
61%
Tibo InShape DJ
61%
Gérémy Crédeville Epouvantail
61%
Ycare Lapin
61%
Estelle Mossely Mariée
61%
Smaïn Monstre
61%
Cartman Zèbre
61%
Adeline Toniutti Alien
58%
Laura Flessel Canard
58%
Vincent Niclo Husky
58%
Jean-Marc Généreux Lama
58%
La Compagnie Créole Main
58%
Charlotte Gaccio Méduse
58%
Christophe Beaugrand Ours
58%
Mel B Soleil
58%
Patrick Bosso Castor
55%
Vincent Desagnat Cornichon
55%
Sheila Ecureuil
55%
Yoann Riou Génie
55%
Anastacia Kangourou
55%
Ladybug Perruque
55%
Chantal Goya Pop Corn
55%
Priscilla Betti Taupe
55%
Karima Charni Agneau
52%
Jeanfi Janssens Autruche
52%
Alain Bernard Bernard-l'hermitte
52%
Damien Sargue Bison
52%
Yves Camdeborde Cochon
52%
Anne Sila Cygne
52%
Jacques Legros Hamster
52%
Lio Hippocampe
52%
Chimène Badi Léopard
52%
Inès Vandamne Libellule
52%
Liane Foly Pieuvre
52%
Elisa Tovati Scarabée
52%
Teri Hatcher Coccinelle
48%
Dave Hibou
48%
Tina Arena Plante carnivore
48%
Valérie Damidot Renarde
48%
Basile Boli Requin
48%
Laëtitia Milot Souris
48%
Hélène Rollès Bolide
45%
Laurent Maistret Chevalier
45%
Yves Lecoq Dino
45%
Philippe Candeloro Fraisier
45%
Patrick Duffy Grenouille
45%
Natacha Amal Lynx
45%
Romane Dicko Panda Roux
45%
Sheryfa Luna Perle
45%
Pierre Palmade Cosmonaute
42%
Seal Cow-boy
42%
Christelle Cholet Dalmatien
42%
Florent Mothe Geishamouraï
42%
Catherine Lara Lémurien
42%
Anny Duperey Phoenix
42%
Boris Diaw Gladiateur
39%
Marion Bartoli Koala
39%
Francis Huster Pharaon
39%
Maud Fontenoy Poisson-corail
39%
Michael Gregorio Porcelaine
39%
Patrick Sébastien Rhinocéros
39%
Francis Perrin Doudou
35%
Frédéric Diefenthal Pain d'épices
35%
Vincent Moscato Plancton
35%
Raphaël Mezrahi Robolapin
35%
Martin Lamotte Vautour
35%
La Toya Jackson Impératrice
32%
Natalie Imbruglia Joker
32%
David Hasselhoff Cobra
26%
Marie Ange Nardi Dame de Coeur
26%
Lou Bega Oiseau
26%
Gloria Gaynor Reine des glaces
26%
Itziar Ituno Ballerine
23%
Shaggy Cyclope
23%
Aucun quiz correspondant
Distribution des résultats
% des personnes avec chaque résultat
Percentile par nombre de réponses
Votre historique - résultats
Vous n’avez pas pris ce quiz depuis la dernière actualisation